Introducción a los sistemas de computo de los bits y compuertas al c y más allá

Bibliographic Details
Main Author: Patt, Yale N.
Format: Section = Libro
Language:Undetermined
Spanish
Published: España McGraw-Hill 2005
Edition:2a.ed.
Subjects:
LEADER 00709nam a2200229Ia 4500
008 240829s9999 xx 000 0 und d
020 |a 970-10-4678-1 
040 |a BIBLIOTECA-RUPAP 004 P315 
041 |a spa 
082 |a 004 P315 
100 1 |a Patt, Yale N. 
245 1 0 |a Introducción a los sistemas de computo de los bits y compuertas al c y más allá 
250 |a 2a.ed. 
260 |a España  |b McGraw-Hill  |c 2005 
300 |a 632 p. :il. 
650 7 |a SISTEMAS DE COMPUTADORES 
650 7 |b  BITS, TIPOS DE DATOS - OPERACIONALES 
650 7 |c  ESTRUCTURAS LOGICAS DIGITALES 
650 7 |d  ESTRUCTURAS DE DATOS. I. Patel, Sankay J, coaut. II. Tít. 
942 |c BK  |2 ddc 
991 |a TEXTO 
999 |c 7042